Projektowanie programów poprawnych i dobrze zbudowanych

Uložené v:
Podrobná bibliografia
Médium: Kniha
Jazyk:Polish
Vydavateľské údaje: Warszawa Wyd. naukowo-techn. 1982
Tagy: Pridať tag
Žiadne tagy, Buďte prvý, kto otaguje tento záznam!

MARC

LEADER 00000nam a2200000 4500
001 c117001
005 20260130115402.3
041 0 |a pol 
044 |a PL 
245 1 0 |a Projektowanie programów poprawnych i dobrze zbudowanych  |c Suad Alagic, Michael A. Arbib ; [Z angielskiego przel. Stefan Paszkowski] 
264 1 |a Warszawa  |b Wyd. naukowo-techn.  |c 1982 
300 |a 293 s.